| 000 | 00925nam a22002537a 4500 | ||
|---|---|---|---|
| 005 | 20170123162309.0 | ||
| 010 | _aB-209400 | ||
| 020 | _c100.00 | ||
| 035 | _aB-209400 | ||
| 037 | _bCen Lib/Ret | ||
| 040 |
_aDPL _bUR |
||
| 082 |
_a804 _bخ و ا |
||
| 245 |
_aخواجہ غلام سیدین : _cمرتبہ خالد انجم _bمضامین اور تقریریں / |
||
| 246 |
_aKhwaja Ghulamus Saiyidain : mazameen aur taqreerain / _bedited by Khalid Anjum |
||
| 260 |
_aنیو دہلی _bانجمن تراققی اردو _c2004 |
||
| 270 |
_aاردو گھر، ٢١٢ روسے ایونیو _bنیو دہلی _e110002 |
||
| 300 |
_a142p. _c21cm(Hb) |
||
| 650 |
_aادب - اردو _9111577 |
||
| 650 |
_aاردو تقریریں _9818 |
||
| 650 |
_aLitrerature -- Urdu _9111578 |
||
| 650 |
_aUrdu taqreeren _9111579 |
||
| 700 |
_aخالد انجم _9111580 |
||
| 942 |
_2ddc _cUR _h804 _mخ و ا |
||
| 999 |
_c106425 _d106425 |
||